|
|
|
|
| LEADER |
00000nam0a2200000 4500 |
| 001 |
369143 |
| 005 |
20231102012143.0 |
| 035 |
|
|
|a (RuTPU)RU\TPU\retro\26525
|
| 035 |
|
|
|a RU\TPU\retro\26522
|
| 090 |
|
|
|a 369143
|
| 100 |
|
|
|a 20220506d1967 k y0rusy50 ca
|
| 101 |
0 |
|
|a rus
|
| 102 |
|
|
|a RU
|
| 105 |
|
|
|a a z 001zy
|
| 200 |
1 |
|
|a Стратиграфия и фузулиниды пермских отложений Памира
|f Э. Я. Левен
|g Академия наук СССР (АН СССР), Геологический институт (ГИН)
|
| 210 |
|
|
|a Москва
|c Наука
|d 1967
|
| 215 |
|
|
|a 226 с.
|c ил.
|e 39 табл.
|
| 225 |
1 |
|
|a Труды геологического института (ГИН)
|v Вып. 167
|
| 320 |
|
|
|a Библиогр.: с. 207-215.
|
| 606 |
1 |
|
|a Пермские отложения
|2 stltpush
|3 (RuTPU)RU\TPU\subj\48632
|9 67484
|
| 606 |
1 |
|
|a Фузулиниды
|2 stltpush
|3 (RuTPU)RU\TPU\subj\16999
|9 42857
|
| 610 |
1 |
|
|a стратиграфия
|
| 610 |
1 |
|
|a Памир
|
| 610 |
1 |
|
|a разрезы
|
| 610 |
1 |
|
|a описание
|
| 610 |
1 |
|
|a расчленение
|
| 610 |
1 |
|
|a систематика
|
| 610 |
1 |
|
|a таблицы
|
| 610 |
1 |
|
|a объяснения
|
| 675 |
|
|
|a 551.736
|v 4
|
| 675 |
|
|
|a 563.125
|v 4
|
| 700 |
|
1 |
|a Левен
|b Э. Я.
|
| 712 |
0 |
2 |
|a Академия наук СССР (АН СССР)
|b Геологический институт (ГИН)
|c (Москва)
|2 stltpush
|3 (RuTPU)RU\TPU\col\11354
|
| 801 |
|
1 |
|a RU
|b 63413507
|c 20170601
|
| 801 |
|
2 |
|a RU
|b 63413507
|c 20220506
|g RCR
|
| 942 |
|
|
|c BK
|